000 00762nam a2200253 i 4500
001 15377
003 ES-MaACL
005 20250904063039.0
007 t|
008 000218s1999 sp |||| | spa j
020 _a84-397-0188-8
080 _a821.134.2(861)-92"19"
100 1 _aGarcía Márquez, Gabriel,
_d1927-2014
_9242191
245 1 0 _aPor la libre (1974-1995) /
_cGabriel García Márquez.
250 _a1ª ed.
260 _aBarcelona :
_bMondadori,
_c1999.
300 _a336 p. ;
_c24 cm.
490 1 _aBiblioteca García Márquez
490 1 _aObra periodística ;
_v4
830 0 _aBiblioteca García Márquez
_9179974
830 0 _aObra periodística ;
_v4
_9179973
852 _aES-MaACL
_jL-23866
999 _c15377
_d15377